Catálogo

Urbanismo : (Registro nro. 61748)

Detalles MARC
000 -LEADER
fixed length control field 01246cam a2200337 i 4500
001 - CONTROL NUMBER
control field 61748
003 - CONTROL NUMBER IDENTIFIER
control field Mx-PuUPA
005 - DATE AND TIME OF LATEST TRANSACTION
control field 20220214120802.0
008 - FIXED-LENGTH DATA ELEMENTS--GENERAL INFORMATION
fixed length control field 141113s2012 mx a fr 000 0 spa d
020 ## - INTERNATIONAL STANDARD BOOK NUMBER
International Standard Book Number 9786070240300
020 ## - INTERNATIONAL STANDARD BOOK NUMBER
International Standard Book Number 9786070240294
Qualifying information Colección Textos FA
040 ## - CATALOGING SOURCE
Original cataloging agency Mx-PuUPA
Language of cataloging spa
Transcribing agency Mx-PuUPA
Modifying agency Mx-PuUPA
Description conventions rda
041 0# - LANGUAGE CODE
Language code of text/sound track or separate title spa
245 10 - TITLE STATEMENT
Title Urbanismo :
Remainder of title temas y tendencias /
Statement of responsibility, etc. Héctor Quiroz Rothe, Esther Maya Pérez, compiladores.
250 ## - EDITION STATEMENT
Edition statement Primera edición /
Remainder of edition statement diciembre
264 #1 - PRODUCTION, PUBLICATION, DISTRIBUTION, MANUFACTURE, AND COPYRIGHT NOTICE
Place of production, publication, distribution, manufacture México :
Name of producer, publisher, distributor, manufacturer Universidad Nacional Autónoma de México,
Date of production, publication, distribution, manufacture, or copyright notice 2012
300 ## - PHYSICAL DESCRIPTION
Extent 431 páginas :
Other physical details fotografías (en blanco y negro) ;
Dimensions 28 cm.
336 ## - CONTENT TYPE
Content type term texto
Fuente rdacontent
Content type code txt
337 ## - MEDIA TYPE
Media type term sin medio
Source rdamedia
Media type code n
338 ## - CARRIER TYPE
Carrier type term volumen
Source rdacarrier
Carrier type code nc
490 0# - SERIES STATEMENT
Series statement Colección Textos FA
650 #7 - SUBJECT ADDED ENTRY--TOPICAL TERM
Topical term or geographic name entry element Urbanismo
Geographic subdivision México
Chronological subdivision siglo XX
Source of heading or term armarc
650 #7 - SUBJECT ADDED ENTRY--TOPICAL TERM
Topical term or geographic name entry element Urbanismo
Geographic subdivision México
Chronological subdivision Siglo XXI
Source of heading or term armarc
650 #7 - SUBJECT ADDED ENTRY--TOPICAL TERM
Topical term or geographic name entry element Urbanización
Geographic subdivision México
Chronological subdivision Siglo XXI
Source of heading or term armarc
650 #7 - SUBJECT ADDED ENTRY--TOPICAL TERM
Topical term or geographic name entry element Planificación de la ciudad
Geographic subdivision México
Source of heading or term armarc
700 1# - ADDED ENTRY--PERSONAL NAME
Personal name Maya Pérez, Esther,
Relator term compilador
700 1# - ADDED ENTRY--PERSONAL NAME
Personal name Quiroz Rothe, Héctor,
Relator term compilador
9 (RLIN) 12075
942 ## - ADDED ENTRY ELEMENTS (KOHA)
Source of classification or shelving scheme Dewey Decimal Classification
Koha item type Libro
Classification part 711.40972
Item part Q65
Existencias
Withdrawn status Lost status Source of classification or shelving scheme Damaged status Not for loan Collection code Home library Current library Shelving location Date acquired Source of acquisition Total Checkouts Full call number Barcode Date last seen Price effective from Koha item type
    Dewey Decimal Classification     Referencia Biblioteca Karol Wojtyla Biblioteca Karol Wojtyla Área de silencio 13/11/2014 Compra   711.40972 Q65 2012 92707 05/01/2026 13/11/2014 Libro R